Music Quiz

Random Music or Album Quiz

It's a Hits Blitz! 40 Classic Albums By ANY Song Quiz Stats

Quiz not verified by Sporcle

Challenge
Share
Tweet
Embed
Score 0/40 Timer 12:00
0 Plays Today
Album Songs... % Correct
The Dark Side of the MoonUs And Them...
82.4%
BostonMore Than a Feeling...
71.7%
Achtung BabyOne...
71%
Brothers In ArmsSo Far Away...
68.7%
EliminatorLegs...
67%
…And Justice For AllHarvester of Sorrow...
66.6%
Born in the USAGlory Days...
64%
Back In BlackHells Bells...
62%
Blizzard of OzzMr Crowley...
61.8%
ParanoidIron Man...
60.1%
Moving PicturesTom Sawyer...
58.3%
Stay HungryI Wanna Rock...
56%
Every Picture Tells a StoryReason to Believe...
53.2%
American FoolHurts So Good...
51%
ThrillerBeat It...
48.6%
The CarsJust What I Needed...
48.2%
Highway 61 RevisitedLike a Rolling Stone...
47%
PyromaniaPhotograph...
46.7%
London CallingTrain in Vain...
46.4%
Reggatta de BlancMessage in a Bottle...
45.8%
Album Songs... % Correct
GreenOrange Crush...
45.8%
Houses of the HolyD'yer Mak'er...
44.2%
Permanent VacationRag Doll...
41.7%
TenBlack...
41.5%
This is Spinal TapCups and Cakes...
39.3%
No Jacket RequiredSussudio...
38.6%
4Juke Box Hero...
38.4%
Band on the RunHelen Wheels...
36.3%
Exile on Main St.Tumbling Dice...
36.1%
The BandUp On Cripple Creek...
35.1%
Green RiverBad Moon Rising...
34.8%
LiesUsed To Love Her...
33.7%
A Hard Day's NightCan't Buy Me Love...
33.4%
New JerseyBad Medicine...
30.1%
Rust Never SleepsPowderfinger...
26.7%
Diver DownHappy Trails...
25%
ElvisLove Me...
23.4%
HeartWhat About Love...
23.2%
Billion Dollar BabiesElected...
21.5%
InnuendoThe Show Must Go On...
19%

You're not logged in!

Compare scores with friends on all Sporcle quizzes.
Join for Free
OR
Log In

You Might Also Like...

Show Comments

Extras

Editor's Pick Oct 12, 2012ReportNominate
Tags:Album Quiz, Song Quiz, Song List

Top Quizzes Today


Score Distribution

Your Account Isn't Verified!

In order to create a playlist on Sporcle, you need to verify the email address you used during registration. Go to your Sporcle Settings to finish the process.

Report this User

Report this user for behavior that violates our Community Guidelines.

Details: